Fictional Emails Quiz Stats

Quiz Updated Jun 18, 2018

Challenge
Share
Tweet
Embed
Score 0/26 Timer 06:00
1 Play Today
Email Character % Correct
double07@MI6.gov.ukJames Bond
89.3%
capedcrusader@gotham.gov Batman
87.6%
sector7G@springfieldnuclear.com Homer Simpson
80%
potions_guru@hogwarts.ac.ukSeverus Snape
65.4%
imready@bikinibottom.comSpongeBob SquarePants
64.4%
loismustdie@yahoo.comStewie Griffin
63.3%
whatshesaid@dundermifflin.com Michael Scott
58.6%
killerinstinct@jekyllmedicalassociates.com Mr. Edward Hyde
57%
rightful_king@priderock.comSimba
56.3%
elementary@221Bbaker.co.ukSherlock Holmes
54.4%
tiberius@ussenterprise.govJames T. Kirk
50%
2bornot2b@elsinore.gov.dk Hamlet
47.9%
theone@nebuchadnezzar.govNeo
38.5%
Email Character % Correct
greenmisanthrope@sstreet.orgOscar the Grouch
35.3%
vicodin_lvr@princeton.plainsboro.comDr. Gregory House
34.8%
Believe@fbi.govFox Mulder
32.6%
yippeekiyay@nypd.govJohn McClane
29%
Bazinga@Caltech.eduSheldon Cooper
24.4%
suit_up@Altracell.comBarney Stinson
23.8%
sorrychief86@control.govMaxwell Smart
16.1%
Mrs_Astronaut_Mike_Dexter@nbc.comLiz Lemon
14.1%
the.bug.guy@lvpd.nv.govGil Grissom
13%
editor@DailyPlanet.comPerry White
12.5%
coffeepot@stalag13.deColonel Hogan
10.9%
newsproducer@WJM.comMary Richards
7.3%
wonderboy@NYKnights.comRoy Hobbs
6.1%

You're not logged in!

Compare scores with friends on all Sporcle quizzes.
Join for Free
OR
Log In

You Might Also Like...

Show Comments

Extras

Top Quizzes Today


Score Distribution

Your Account Isn't Verified!

In order to create a playlist on Sporcle, you need to verify the email address you used during registration. Go to your Sporcle Settings to finish the process.

Report this User

Report this user for behavior that violates our Community Guidelines.

Details: